000 00486cam a2200205 4500
001 D2182
008 090401t1981 xxu||||| |||| 00| 0 eng d
035 _a(Sirsi) u67854
041 _aeng
050 _a340.0942
100 _aCard, Richard
245 _aLaw for land management students
260 _aLondon
_bButterworths
_c1981
300 _axli. 649p. 25cm
350 _a13.95
700 _aMurdoch, John
700 _aSchofield, Peter
942 _n0
948 _c04/03/1997
999 _c95047
_d95047